000
00309nam a2200121Ia 4500
008
190802s9999 xx 000 0 und d
020
_a
13:978-93-85965-05-0
100
_a
R C Sharma
245
0
_a
Business Correspondence and Report Writing
260
_a
USA
_b
Pearson
_c
2017
300
_a
536:p
942
_c
BK
999
_c
2366
_d
2366